| 000 | 00892nam a2200265Ia 4500 | ||
|---|---|---|---|
| 003 | OSt | ||
| 005 | 20220926012311.0 | ||
| 006 | a|||||r|||| 00| 0 | ||
| 007 | ta | ||
| 008 | 220923b |||||||| |||| 00| 0 eng d | ||
| 020 |
_a9781107081062 _c5539.75 |
||
| 037 |
_b45104, 12/10/2015, Segment Book Distributors _cGeneral Book |
||
| 040 |
_aRTL _cRTL _beng |
||
| 041 |
_2eng _aeng |
||
| 082 | _aX:75.41.P, Q5 | ||
| 100 |
_aNAUGHTON Barry _9251490 |
||
| 245 | 0 | _aState capitalism, institutional adaptation, and the chinese miracle | |
| 260 |
_aNew York _bCambridge University Press _c2015 |
||
| 300 |
_axvii, 272p _ccm. |
||
| 500 | _aBibliography chapterwise | ||
| 650 | _aSociology | ||
| 700 |
_a TSAI Kellee S _9316077 |
||
| 942 |
_hX:75.41.P, Q5 _cGB _2CC |
||
| 999 |
_c622438 _d622438 |
||